000 00993nam a2200217Ii 4500
003 JO-AjNU
008 230605s9999||||xx |||||||||||||| ||und||
020 _a2-7214-5609-1
040 _aJO-AjNU
_bara
_erda
_cJO-AjNU
041 _aara
050 1 4 _aBP166.Q2972 1986
100 3 _aالمعتزلي، أبو الحسن عبد الجبار بن أحمد ، عناية وتصحيح الاب جين يوسف هوبن اليسوعي ، مراجعة دانيال جيماريه,
_eauthor
_942605
245 0 0 _aكتاب المجموع في المحيط بالتكليف، ج2
264 3 1 _aبيروت: دار المشرق، 1986
300 _aج2، 437ص
_bيشتمل على توطئة باللغة الانجليزية(ص1-32)
336 _atext
_btxt
_2rdacontent
337 _aunmediated
_bn
_2rdamedia
338 _avolume
_bnc
_2rdacarrier
490 0 _aبحوث ودراسات 12
650 4 _aالحكم التكليفي- اصول الفقه الاسلامي- فرق اسلامية
_942606
999 _aA18255
_c21823
_d21823